Urban Task Force recommendations (Record no. 68053)

MARC details
000 -LEADER
fixed length control field 00856cam a2200217 4500
001 - CONTROL NUMBER
control field WB3732-44
008 - FIXED-LENGTH DATA ELEMENTS--GENERAL INFORMATION
fixed length control field 010821n2001 000 0 eng u
035 ## - SYSTEM CONTROL NUMBER
System control number (Sirsi) u114240
245 ## - TITLE STATEMENT
Title Urban Task Force recommendations
260 ## - PUBLICATION, DISTRIBUTION, ETC.
Date of publication, distribution, etc. 2001
490 ## - SERIES STATEMENT
Series statement Urban Environment Today
Volume/sequential designation (128) 16 August 2001, 1(1)
520 ## - SUMMARY, ETC.
Summary, etc. Government has admitted it has not yet delivered around 40 of the recommendations put forward by the Urban Task Force in 1999. At a meeting with leading members of the Task Force ministers said they would make a statement in autumn 2001 confirming government's commitment to delivering on the urban renaissance.
590 ## - LOCAL NOTE (RLIN)
Local note WB
650 ## - SUBJECT ADDED ENTRY--TOPICAL TERM
Topical term or geographic name entry element URBAN TASK FORCE
650 ## - SUBJECT ADDED ENTRY--TOPICAL TERM
Topical term or geographic name entry element GOVERNMENT
650 ## - SUBJECT ADDED ENTRY--TOPICAL TERM
Topical term or geographic name entry element PUBLIC SERVICES
650 ## - SUBJECT ADDED ENTRY--TOPICAL TERM
Topical term or geographic name entry element URBAN REGENERATION
650 ## - SUBJECT ADDED ENTRY--TOPICAL TERM
Topical term or geographic name entry element URBAN ENVIRONMENT
690 ## - LOCAL SUBJECT ADDED ENTRY--TOPICAL TERM (OCLC, RLIN)
Topical term or geographic name as entry element REGENERATION
942 ## - ADDED ENTRY ELEMENTS (KOHA)
Suppress in OPAC 0
Holdings
Withdrawn status Lost status Source of classification or shelving scheme Damaged status Not for loan Home library Current library Shelving location Date acquired Total Checkouts Full call number Barcode Date last seen Copy number Price effective from Koha item type
    Dewey Decimal Classification     London London News article 21/08/2001   WB3732-44 114240-1001 06/08/2019 1 06/08/2019 News article